[Event "IECG Q1.1997.0.00025"]
[Site "IECG email"]
[Date "1997.??.??"]
[Round "?"]
[White "Kessel, Rolf"]
[Black "Winter, Joel"]
[Result "1-0"]
[WhiteElo "1762"]
[BlackElo "1840"]
[PlyCount "53"]
[EventDate "1997.??.??"]
[EventType "tourn (corr)"]
[EventRounds "6"]
[SourceTitle "Corr 2008"]
[Source "ChessBase"]
[SourceDate "2008.06.24"]
[SourceVersion "1"]
[SourceVersionDate "2008.06.24"]
[SourceQuality "1"]

1. e4 c5 2. Nc3 d6 3. f4 Nf6 4. Nf3 e6 5. a4 b6 6. Bb5+ Nbd7 7. e5 a6 8. exf6 axb5 9. fxg7 Bxg7 10. Nxb5 Nf6 11. d3 Qd7 12. Bd2 Nd5 13. c4 Nc7 14. Bc3 Rg8 15. Ng5 Bxc3+ 16. Nxc3 Bb7 17. Nce4 Bxe4 18. Nxe4 Qe7 19. g3 Na6 20. Qh5 Rh8 21. 0-0 Nb4 22. d4 Nc2 23. dxc5 dxc5 24. Qe5 Rf8 25. Nf6+ Kd8 26. a5 Nd4 27. axb6 1-0